Globální Minotaurus Amerika, Evropa, krize a budoucnost globální ekonomiky

Gespeichert in:
Bibliographische Detailangaben
1. Verfasser: Varoufakis, Yanis
Format: Buch
Sprache:Tschechisch
Veröffentlicht: Praha Rybka publishers 2013
Schlagworte:
Tags: Tag hinzufügen
Keine Tags, Fügen Sie das erste Tag hinzu!

MARC

LEADER 00000nam a2200000 4500
001 0177928
005 20240313085829.1
020 |a 978-80-87067-09-3 
041 0 |a cze 
044 |a CZ 
245 1 0 |a Globální Minotaurus  |b Amerika, Evropa, krize a budoucnost globální ekonomiky  |c Yanis Varoufakis 
264 1 |a Praha  |b Rybka publishers  |c 2013 
300 |a 276 s. 
610 2 0 |a kríza hospodárska 
610 2 0 |a globalizácia hospodárstva 
610 2 0 |a deficit 
610 2 0 |a Amerika 
610 2 0 |a Európa 
100 1 |a Varoufakis, Yanis